000 00657nam a22002177a 4500
003 UA-OsUOA
001 120691
007 ta
008 20170209b un ||||| |||| 00| 0 ukr d
100 _aКозубовський Г.А.
090 _a902
_bК59
942 _cSA
040 _aUA-OsUOA
_bukr
_cUA-OsUOA
_dUA-OsUOA
245 _aДо хронології карбування монет Володимира Ольгердовича (1362-1394)
300 _aС.27-42
955 _a0
041 _aukr
080 _a902
773 0 _w120688
_tАрхеологія
_dК.
_d2016
_g4
650 7 _a9 Географія. Біографії. Історія
_2UDC
999 _c406580
_d406580